000 00445nam a2200169Ia 4500
001 28514
003 Ost
005 20260507160239.0
008 251113s9999||||xx |||||||||||||| ||eng||
040 _cnitttr
041 _aeng
082 _a620.1
_bR22
245 0 _aRecent advances in computational mechanics and simulations /
_cMaity, Damodar, ed., Dwivedy, S. K., ed.
700 _a Dwivedy, S. K.
700 _aMaity, Damodar
942 _cBK
999 _c28321
_d28321